Score 0/15 Timer 01:00
0 Plays Today
% Correct
newton
97.7%
pascal
95.2%
hertz
95%
tesla
92.9%
watt
92.2%
joule
91.6%
ampere
84.4%
gauss
84%
% Correct
ohm
83.7%
coulomb
82.2%
becquerel
80.2%
volt
78.3%
sievert
75.5%
oersted
66.4%
decibel
51.1%

Today's Daily Dose

You're not logged in!

Compare scores with friends on all Sporcle quizzes.
OR
Log In

Sporcle TV

Today on Sporcle TV


Watch our educational content, quiz creation guides, and fun videos on Sporcle TV.

Show Comments

Extras

Top Quizzes Today


Score Distribution

Paid Content

Your Account Isn't Verified!

In order to create a playlist on Sporcle, you need to verify the email address you used during registration. Go to your Sporcle Settings to finish the process.

Report this User

Report this user for behavior that violates our Community Guidelines.

Details: